00546cam a22001931 4500001000800000005001700008008004100025010001700066035001900083040002500102041000800127042001200135080001500147082001500162100000700177101000800184245011500192740004500307793740020180111071819.0750828s1957 iaua 000 0 eng  a 57007851  a(OCoLC)1578527 aDLCcFMUdOCoLCdDLC aeng apremarc a631.8 BAU a631.8 BAU1 a17 aHIS00aEconomic and technical analysis of fertilizer innovations and resource use,cedited by E. L. Baum [and others]0 aFertilizer innovations and resource use.